00361nam a22001217a 4500003000500000005001700005038001800022082001200040100001700052245010500069260003100174710003400205NUST20200116153917.0 aNusrat Nadeem a004 FAH aNawaz Fahad  aMS Thesis:Aerodynamic Assessment of a Generic Airfoil with Active Flow ControTechnique cFahad Nawaz aIslamabadbRCMS NUSTc2019 4Dr.Adnan Maqsood [Supervisor]